| 000 | 00720nam a2200217 a 4500 | ||
|---|---|---|---|
| 001 | 000013414 | ||
| 005 | 20260303133933.0 | ||
| 008 | 091124s1983 dr a r 000 h spa d | ||
| 040 |
_aDO-SdBNP _bspa _cBNPHU |
||
| 082 |
_aRD867.44 _bP438h |
||
| 100 | 1 |
_aPérez, Mario Emilio, _d1935- _922183 |
|
| 245 | 1 | 0 |
_aHogar, ¡Fuñío hogar! / _cMario Emilio Pérez. |
| 260 |
_aSanto Domingo : _bTaller, _c1983. |
||
| 300 |
_a159 p. : _bil. ; _c21 cm. |
||
| 490 | 1 |
_aBiblioteca Taller _v153 |
|
| 500 | _aIncluye datos biográficos del autor en la contracubierta | ||
| 650 | 0 |
_aHumorismo dominicano _9275 |
|
| 650 | 4 |
_aSátira dominicana _922186 |
|
| 650 | 0 |
_aLiteratura dominicana. _967 |
|
| 830 | 0 |
_aBiblioteca Taller ; _n153 _922503 |
|
| 999 |
_c13040 _d13040 |
||